00349nam a2200121Ia 4500008004100000041000800041082000800049100002400057245009400081260003200175300000800207520001200215221007s9999 xx 000 0 und d aeng bCHI aChitale G( 2k71019) aComparative Analysis of Equity Mutual Fund and Equity Oriented Unit Linked Insurance Plan c2009bPune UniversityaPune a90p aThuse A